تحميل...

Nature of the Common Law

التفاصيل البيبلوغرافية
المؤلف الرئيسي: Aron,Melvin
التنسيق: Printed Book
منشور في: London: Havard University Press, 1988.
الموضوعات:
LEADER 00434cam a2200133ua 4500
082 |a 348.57 
100 |a Aron,Melvin. 
245 |a Nature of the Common Law 
260 |a London:  |b Havard University Press,  |c 1988. 
650 |a Nature of the Common Law 
650 |a  Common Law 
942 |c BK 
999 |c 276972  |d 276972 
952 |0 0  |1 0  |4 0  |6 348_570000000000000_ARON  |7 0  |9 295064  |a LAW  |b LAW  |d 2020-03-04  |l 0  |o 348.57 ARO-N  |p LAW348  |r 2020-03-04  |t 1  |w 2020-03-04  |y BK